[Event "Alcorcon Spring op-B 1st"]
[Site "Alcorcon"]
[Date "2019.05.26"]
[Round "9"]
[White "Barragan Sanchez, Enrique"]
[Black "Gonzalo Cuevas, Gonzalo"]
[Result "0-1"]
[WhiteElo "1414"]
[BlackElo "1686"]
[PlyCount "128"]
[EventDate "2019.03.24"]
[EventType "swiss"]
[EventRounds "9"]
[EventCountry "ESP"]
[SourceTitle "EXT 2020"]
[Source "ChessBase"]
[SourceDate "2019.10.17"]
[SourceVersion "1"]
[SourceVersionDate "2019.10.17"]
[SourceQuality "1"]

1. d4 d6 2. c4 Nd7 3. Nc3 Ngf6 4. e4 c5 5. d5 g6 6. Nf3 Bg7 7. Bf4 0-0 8. h3 a6 9. Bd3 Re8 10. 0-0 Nf8 11. Re1 N8d7 12. e5 dxe5 13. Bxe5 Nxe5 14. Nxe5 Qc7 15. Qe2 Nd7 16. Nf3 Nf6 17. Qc2 Qd6 18. Ne4 Nxe4 19. Bxe4 b5 20. Rab1 Bd7 21. b3 b4 22. Rbd1 a5 23. Re2 a4 24. Nd2 axb3 25. axb3 Ra3 26. Nb1 Ra1 27. Rde1 Rea8 28. Bd3 Bf6 29. Rd1 R8a5 30. Nd2 Rxd1+ 31. Qxd1 Ra1 32. Qxa1 Bxa1 33. Ne4 Qc7 34. Ng5 Bf6 35. Ne4 Kg7 36. g4 h6 37. Kg2 Bc8 38. Ra2 Bd4 39. f3 f5 40. Ng3 fxg4 41. fxg4 Qf4 42. Re2 Bf6 43. Ne4 Bd4 44. Re1 Bxg4 45. hxg4 Qxg4+ 46. Ng3 Bf6 47. Re6 h5 48. Re4 Qg5 49. Kf3 h4 50. Rg4 Qd2 51. Rxg6+ Kf7 52. Bf5 hxg3 53. Rxg3 Be5 54. Be6+ Kf6 55. Rg2 Qc3+ 56. Ke4 Qd4+ 57. Kf3 Bd6 58. Rg4 Qd3+ 59. Kf2 Qxb3 60. Rg8 Qxc4 61. Rf8+ Ke5 62. Rf5+ Kd4 63. Rf3 Qc2+ 64. Kf1 c4 0-1

[Event "Alcorcon Spring op-B 1st"]
[Site "Alcorcon"]
[Date "2019.05.12"]
[Round "7"]
[White "Leyva Ramos, Jose"]
[Black "Barragan Sanchez, Enrique"]
[Result "0-1"]
[WhiteElo "1137"]
[BlackElo "1414"]
[PlyCount "77"]
[EventDate "2019.03.24"]
[EventType "swiss"]
[EventRounds "9"]
[EventCountry "ESP"]
[SourceTitle "EXT 2020"]
[Source "ChessBase"]
[SourceDate "2019.10.17"]
[SourceVersion "1"]
[SourceVersionDate "2019.10.17"]
[SourceQuality "1"]

1. e4 c6 2. d4 d5 3. e5 Bf5 4. Nf3 Nd7 5. Be2 e6 6. 0-0 Ne7 7. Bg5 Qb6 8. b3 h6 9. Bf4 Bh7 10. Nc3 Ng6 11. Bc1 c5 12. Ba3 cxd4 13. Na4 Qc7 14. Bxf8 Ngxf8 15. Qxd4 Ng6 16. Bd3 0-0 17. Rfe1 Rac8 18. Rac1 a6 19. c4 Qc6 20. cxd5 Qxd5 21. Rcd1 Qxd4 22. Nxd4 Ngxe5 23. Bxh7+ Kxh7 24. f4 Ng6 25. f5 exf5 26. Nxf5 Nf6 27. Nd6 Rc2 28. Nxb7 Rxa2 29. Nbc5 Nf4 30. Nd3 Nxg2 31. Nab2 Nxe1 32. Rxe1 Re8 33. Rd1 Re2 34. Rb1 Ne4 35. h4 Nd2 36. Rd1 Nf3+ 37. Kf1 Rexb2 38. Nxb2 Rxb2 39. Rd3 0-1

[Event "Alcorcon Spring op-B 1st"]
[Site "Alcorcon"]
[Date "2019.05.05"]
[Round "6"]
[White "Collado Alcolado, Angel"]
[Black "Barragan Sanchez, Enrique"]
[Result "1-0"]
[WhiteElo "1011"]
[BlackElo "1414"]
[PlyCount "81"]
[EventDate "2019.03.24"]
[EventType "swiss"]
[EventRounds "9"]
[EventCountry "ESP"]
[SourceTitle "EXT 2020"]
[Source "ChessBase"]
[SourceDate "2019.10.17"]
[SourceVersion "1"]
[SourceVersionDate "2019.10.17"]
[SourceQuality "1"]

1. e4 c6 2. d4 d5 3. exd5 cxd5 4. c4 Nf6 5. Nc3 e6 6. Bg5 Nbd7 7. cxd5 exd5 8. Nxd5 Qa5+ 9. Nc3 Qxg5 10. Nf3 Qa5 11. Bc4 Ne4 12. Qe2 Ndf6 13. Ng5 Qxg5 14. Nxe4 Nxe4 15. Qxe4+ Be7 16. 0-0 0-0 17. Bd3 g6 18. f4 Qf6 19. Rae1 Re8 20. Bb5 Bf5 21. Qe5 Qxe5 22. Rxe5 Bf6 23. Rxe8+ Rxe8 24. Bxe8 Bxd4+ 25. Kh1 Bxb2 26. Ba4 Kf8 27. Re1 Be6 28. Rb1 Bd4 29. Rxb7 Bxa2 30. Bb3 Bxb3 31. Rxb3 Ke7 32. Rd3 Bc5 33. Rd5 Bb6 34. g3 Ke6 35. Rd1 h5 36. Kg2 Kf5 37. Kf3 g5 38. Rd5+ Ke6 39. Rxg5 a5 40. Rxh5 a4 41. Rb5 1-0

[Event "Madrid San Viator op-B 30th"]
[Site "Madrid"]
[Date "2018.06.10"]
[Round "9"]
[White "Barragan Sanchez, Enrique"]
[Black "Lopez Herrero, Israel"]
[Result "1-0"]
[WhiteElo "1434"]
[BlackElo "1298"]
[PlyCount "63"]
[EventDate "2018.04.08"]
[EventType "swiss"]
[EventRounds "9"]
[EventCountry "ESP"]
[SourceTitle "EXT 2019"]
[Source "ChessBase"]
[SourceDate "2018.10.10"]
[SourceVersion "1"]
[SourceVersionDate "2018.10.10"]
[SourceQuality "1"]

1. d4 d5 2. Nf3 Nc6 3. c4 Nf6 4. Nc3 Bf5 5. Bg5 e6 6. e3 Bb4 7. Rc1 0-0 8. Be2 Re8 9. 0-0 Kh8 10. cxd5 exd5 11. Bxf6 gxf6 12. Bb5 Rg8 13. Re1 Bh3 14. g3 Ne7 15. Nh4 Nf5 16. Nxf5 Bxf5 17. Bd3 Bg4 18. Qb3 Bxc3 19. Rxc3 b6 20. Rec1 Rc8 21. Ba6 Rb8 22. Rxc7 Qd6 23. Rxf7 Qe6 24. Rcc7 Bf5 25. Bd3 Rgc8 26. Bxf5 Qxf5 27. Qc3 Qb1+ 28. Kg2 Re8 29. Rxa7 Qe4+ 30. f3 Qe6 31. Qc7 Kg8 32. Rxh7 1-0

[Event "Madrid San Viator op-B 30th"]
[Site "Madrid"]
[Date "2018.06.03"]
[Round "8"]
[White "Centeno Mendoza, Julio Stefano"]
[Black "Barragan Sanchez, Enrique"]
[Result "1-0"]
[WhiteElo "1292"]
[BlackElo "1434"]
[PlyCount "59"]
[EventDate "2018.04.08"]
[EventType "swiss"]
[EventRounds "9"]
[EventCountry "ESP"]
[SourceTitle "EXT 2019"]
[Source "ChessBase"]
[SourceDate "2018.10.10"]
[SourceVersion "1"]
[SourceVersionDate "2018.10.10"]
[SourceQuality "1"]

1. d4 Nf6 2. Bf4 e6 3. Nf3 d5 4. e3 c5 5. c3 c4 6. Be2 Nc6 7. Nbd2 Be7 8. 0-0 0-0 9. Ne5 Bd7 10. Qc2 Rc8 11. h3 b5 12. a3 a5 13. e4 Re8 14. Rfe1 Bd6 15. Nxc6 Bxc6 16. e5 Be7 17. exf6 Bxf6 18. Bg4 a4 19. Re3 Bd7 20. Rae1 h6 21. Bh5 Qe7 22. Rg3 g5 23. Be5 Kg7 24. h4 Bxe5 25. Rxe5 f6 26. Qg6+ Kf8 27. Rf3 f5 28. Rfxf5+ exf5 29. Rxe7 Rxe7 30. Qf6+ 1-0

[Event "Madrid San Viator op-B 30th"]
[Site "Madrid"]
[Date "2018.05.13"]
[Round "5"]
[White "Barragan Sanchez, Enrique"]
[Black "Moreno Payo, Jesus"]
[Result "0-1"]
[WhiteElo "1434"]
[BlackElo "1146"]
[PlyCount "92"]
[EventDate "2018.04.08"]
[EventType "swiss"]
[EventRounds "9"]
[EventCountry "ESP"]
[SourceTitle "EXT 2019"]
[Source "ChessBase"]
[SourceDate "2018.10.10"]
[SourceVersion "1"]
[SourceVersionDate "2018.10.10"]
[SourceQuality "1"]

1. d4 d5 2. Nf3 Nf6 3. g3 e6 4. Bg2 Be7 5. Bg5 0-0 6. 0-0 Nbd7 7. Nbd2 Re8 8. e3 Bd6 9. c4 c6 10. c5 Be7 11. Re1 Ng4 12. Bxe7 Qxe7 13. e4 e5 14. exd5 cxd5 15. Nh4 Ndf6 16. h3 Nh6 17. Rxe5 Qc7 18. Rxe8+ Nxe8 19. Bxd5 Nf6 20. Bg2 Be6 21. Ndf3 Bd5 22. Ne5 Bxg2 23. Kxg2 Nd5 24. Qa4 f6 25. Nef3 g5 26. Re1 Qc6 27. Qxc6 bxc6 28. Nxg5 fxg5 29. Nf3 Nf7 30. Ne5 Re8 31. Kf1 Nd8 32. Rc1 Re7 33. a3 a5 34. Rc4 Rb7 35. Ra4 Ra7 36. b4 Nc3 37. Rxa5 Rxa5 38. bxa5 Nb5 39. a4 Nxd4 40. a6 N4e6 41. Ke2 Kg7 42. Kd3 Kf6 43. Nd7+ Ke7 44. Nb6 Nxc5+ 45. Kc4 Nxa6 46. a5 Nb7 0-1

[Event "Madrid San Viator op-B 30th"]
[Site "Madrid"]
[Date "2018.04.22"]
[Round "3"]
[White "Barragan Sanchez, Enrique"]
[Black "Reyero Castro, Jorge"]
[Result "1-0"]
[WhiteElo "1434"]
[BlackElo "1150"]
[PlyCount "47"]
[EventDate "2018.04.08"]
[EventType "swiss"]
[EventRounds "9"]
[EventCountry "ESP"]
[SourceTitle "EXT 2019"]
[Source "ChessBase"]
[SourceDate "2018.10.10"]
[SourceVersion "1"]
[SourceVersionDate "2018.10.10"]
[SourceQuality "1"]

1. d4 d5 2. Nf3 e6 3. c4 c5 4. Nc3 Nc6 5. Bf4 h6 6. e3 Bd6 7. Bxd6 Qxd6 8. cxd5 exd5 9. Bb5 Nge7 10. 0-0 0-0 11. Rc1 Bg4 12. Be2 b6 13. Nb5 Qf6 14. b3 Bxf3 15. Bxf3 cxd4 16. Nxd4 Nxd4 17. Qxd4 Qxd4 18. exd4 Rac8 19. Rfe1 a5 20. g3 Nc6 21. Bxd5 Nxd4 22. Rxc8 Rxc8 23. Re7 Rc2 24. Re8+ 1-0

[Event "Madrid San Viator op-B 29th"]
[Site "Madrid"]
[Date "2017.11.12"]
[Round "9"]
[White "Barragan Sanchez, Enrique"]
[Black "Bustos Bernardo, Diego"]
[Result "0-1"]
[WhiteElo "1536"]
[BlackElo "1730"]
[PlyCount "62"]
[EventDate "2017.09.17"]
[EventType "swiss"]
[EventRounds "9"]
[EventCountry "ESP"]
[SourceTitle "EXT 2019"]
[Source "ChessBase"]
[SourceDate "2018.10.10"]
[SourceVersion "1"]
[SourceVersionDate "2018.10.10"]
[SourceQuality "1"]

1. d4 d5 2. Nf3 Nf6 3. c4 e6 4. Nc3 Be7 5. Bf4 a6 6. e3 0-0 7. Bd3 dxc4 8. Bxc4 b5 9. Bd3 Bb7 10. Qc2 Nbd7 11. Ne4 Nxe4 12. Bxe4 Bb4+ 13. Ke2 Bxe4 14. Qxe4 Nf6 15. Qc6 Nd5 16. Bg3 Bd6 17. Qc2 Qe7 18. a3 Rfc8 19. Rac1 Nb6 20. Qc6 Nc4 21. Rc2 Na5 22. Qe4 Bxg3 23. hxg3 h6 24. Qg4 Qf6 25. Rc5 Nc4 26. Rch5 Qg6 27. Rg5 hxg5 28. Qh3 Qc2+ 29. Ke1 Kf8 30. Qh8+ Ke7 31. Qh7 Qxh7 0-1

[Event "Madrid San Viator op-B 29th"]
[Site "Madrid"]
[Date "2017.09.24"]
[Round "2"]
[White "Villanueva Ortega, Ruben"]
[Black "Barragan Sanchez, Enrique"]
[Result "1-0"]
[WhiteElo "1744"]
[BlackElo "1536"]
[PlyCount "29"]
[EventDate "2017.09.17"]
[EventType "swiss"]
[EventRounds "9"]
[EventCountry "ESP"]
[SourceTitle "EXT 2019"]
[Source "ChessBase"]
[SourceDate "2018.10.10"]
[SourceVersion "1"]
[SourceVersionDate "2018.10.10"]
[SourceQuality "1"]

1. e4 e6 2. d4 d5 3. Nc3 Bb4 4. Qg4 Nf6 5. Qxg7 Rg8 6. Qh6 dxe4 7. a3 Be7 8. Be3 Nc6 9. 0-0-0 b6 10. Bb5 Bb7 11. d5 exd5 12. Nxd5 Nxd5 13. Bxc6+ Bxc6 14. Qxc6+ Kf8 15. Bh6+ 1-0

[Event "Madrid San Viator op-B 28th"]
[Site "Madrid"]
[Date "2017.05.07"]
[Round "5"]
[White "Diaz del Prado, Carlos"]
[Black "Barragan Sanchez, Enrique"]
[Result "0-1"]
[WhiteElo "1281"]
[BlackElo "1666"]
[PlyCount "70"]
[EventDate "2017.03.26"]
[EventType "swiss"]
[EventRounds "9"]
[EventCountry "ESP"]
[SourceTitle "EXT 2019"]
[Source "ChessBase"]
[SourceDate "2018.10.10"]
[SourceVersion "1"]
[SourceVersionDate "2018.10.10"]
[SourceQuality "1"]

1. b3 e5 2. Bb2 Nc6 3. e3 Nf6 4. Bb5 Bc5 5. Bxc6 bxc6 6. Bxe5 0-0 7. Nf3 Bb7 8. 0-0 d6 9. Bb2 Re8 10. c4 a6 11. Nc3 d5 12. Qe2 d4 13. Na4 d3 14. Qd1 Ne4 15. a3 Ba7 16. b4 c5 17. Ne5 Qd6 18. f3 f6 19. bxc5 Nxc5 20. Nxc5 Bxc5 21. Ng4 Rad8 22. Qb3 Bc6 23. Bd4 Bxd4 24. c5+ Qd5 25. Qxd5+ Rxd5 26. exd4 Rxd4 27. Rfe1 Re2 28. Rxe2 dxe2 29. Kf2 Rxd2 30. Re1 Bb5 31. a4 Bc4 32. Ne3 Bd3 33. Rc1 g5 34. Ke1 Ra2 35. Rc3 Ra1+ 0-1

[Event "Madrid San Viator op-B 28th"]
[Site "Madrid"]
[Date "2017.04.09"]
[Round "3"]
[White "Fernandez De Los Muros, Angel"]
[Black "Barragan Sanchez, Enrique"]
[Result "1-0"]
[WhiteElo "1423"]
[BlackElo "1687"]
[PlyCount "77"]
[EventDate "2017.03.26"]
[EventType "swiss"]
[EventRounds "9"]
[EventCountry "ESP"]
[SourceTitle "EXT 2019"]
[Source "ChessBase"]
[SourceDate "2018.10.10"]
[SourceVersion "1"]
[SourceVersionDate "2018.10.10"]
[SourceQuality "1"]

1. d4 Nf6 2. c4 e6 3. Nc3 Bb4 4. Bd2 d5 5. c5 Nc6 6. e3 0-0 7. Nf3 Bd7 8. Bd3 Re8 9. Qc2 h6 10. 0-0 Bxc3 11. Bxc3 a5 12. a3 b6 13. b4 bxc5 14. bxc5 Qc8 15. Qd2 Ne4 16. Bxe4 dxe4 17. Ne5 Nxe5 18. dxe5 Bb5 19. Rfc1 Qa6 20. a4 Bd3 21. Bd4 c6 22. Rc3 Rab8 23. h3 Rb7 24. f3 Reb8 25. Qf2 Rb2 26. Qg3 Rb1+ 27. Rxb1 Rxb1+ 28. Kh2 Rb2 29. Rc1 Bf1 30. Bxb2 Bd3 31. f4 Qb7 32. Bc3 Qb3 33. f5 Qxa4 34. Ra1 Qc4 35. Bxa5 Qxc5 36. Bd8 exf5 37. Ra8 Kh7 38. Bf6 g6 39. Rh8# 1-0

[Event "Madrid San Viator op-B 28th"]
[Site "Madrid"]
[Date "2017.04.02"]
[Round "2"]
[White "Barragan Sanchez, Enrique"]
[Black "Moreno Sanchez, Guillermo"]
[Result "0-1"]
[WhiteElo "1687"]
[BlackElo "1605"]
[PlyCount "78"]
[EventDate "2017.03.26"]
[EventType "swiss"]
[EventRounds "9"]
[EventCountry "ESP"]
[SourceTitle "EXT 2019"]
[Source "ChessBase"]
[SourceDate "2018.10.10"]
[SourceVersion "1"]
[SourceVersionDate "2018.10.10"]
[SourceQuality "1"]

1. d4 d5 2. Nf3 Nf6 3. c4 e6 4. Nc3 Bb4 5. Bg5 Bxc3+ 6. bxc3 h6 7. Bh4 c6 8. e3 Nbd7 9. cxd5 cxd5 10. c4 Qa5+ 11. Qd2 Qxd2+ 12. Nxd2 b6 13. cxd5 Nxd5 14. Bb5 Bb7 15. Ne4 Bc8 16. Rc1 g5 17. Bg3 f5 18. Nd6+ Ke7 19. 0-0 f4 20. Nxc8+ Raxc8 21. exf4 Nxf4 22. Ba6 Rxc1 23. Rxc1 Kd6 24. Bb5 Nf6 25. Rc6+ Kd5 26. Bxf4 gxf4 27. f3 a6 28. a4 axb5 29. axb5 Nd7 30. g4 fxg3 31. hxg3 Ra8 32. Kf2 Ra5 33. Rc7 Kd6 34. Rc8 Rxb5 35. Rh8 h5 36. Ke3 Rd5 37. Rh6 b5 38. Kd3 Ne5+ 39. Ke4 Nc6 0-1